The age of migration / (Record no. 25521)
[ view plain ]
| 000 -LEADER | |
|---|---|
| fixed length control field | 01709nac a22002771u 4500 |
| 008 - FIXED-LENGTH DATA ELEMENTS--GENERAL INFORMATION | |
| fixed length control field | 080925t xxu||||| |||| 00| 0 eng d |
| 010 ## - LIBRARY OF CONGRESS CONTROL NUMBER | |
| LC control number | 2003001727 |
| 020 ## - INTERNATIONAL STANDARD BOOK NUMBER | |
| International Standard Book Number | 1572309008 (paper) |
| 020 ## - INTERNATIONAL STANDARD BOOK NUMBER | |
| International Standard Book Number | 1572309040 (cloth) |
| 082 00 - DEWEY DECIMAL CLASSIFICATION NUMBER | |
| Classification number | 304.82 |
| Item number | CAS |
| 100 ## - MAIN ENTRY--PERSONAL NAME | |
| Personal name | Castles, Stephen. |
| 9 (RLIN) | 16769 |
| 245 14 - TITLE STATEMENT | |
| Title | The age of migration / |
| Statement of responsibility, etc | Stephen Castles and Mark J. Miller. |
| 250 ## - EDITION STATEMENT | |
| Edition statement | 3rd ed. |
| 260 ## - PUBLICATION, DISTRIBUTION, ETC. (IMPRINT) | |
| Place of publication, distribution, etc | New York : |
| Name of publisher, distributor, etc | Guilford Press, |
| Date of publication, distribution, etc | c2003. |
| 300 ## - PHYSICAL DESCRIPTION | |
| Extent | xiii, 338 p. : |
| Other physical details | ill., maps ; |
| Dimensions | 24 cm. |
| 504 ## - BIBLIOGRAPHY, ETC. NOTE | |
| Bibliography, etc | Includes bibliographical references (p. 291-316) and indexes. |
| 505 0# - FORMATTED CONTENTS NOTE | |
| Formatted contents note | Introduction -- The migratory process and the formation of ethnic minorities -- International migration before 1945 -- Migration to highly-developed countries since 1945 -- The state and international migration : the quest for control -- The next waves : the globalization of international migration -- New migrations in the Asia-Pacific region -- Migrants and minorities in the labour force -- The migratory process : a comparison of Australia and Germany -- New ethnic minorities and society -- Migrants and politics -- Conclusion : migration in the post cold-war era. |
| 650 #0 - SUBJECT ADDED ENTRY--TOPICAL TERM | |
| Topical term or geographic name as entry element | Emigration and immigration. |
| Source of heading or term | BUEsh |
| 651 ## - SUBJECT ADDED ENTRY--GEOGRAPHIC NAME | |
| Source of heading or term | BUEsh |
| 700 1# - ADDED ENTRY--PERSONAL NAME | |
| Personal name | Miller, Mark J. |
| 9 (RLIN) | 16771 |
| 856 42 - ELECTRONIC LOCATION AND ACCESS | |
| Materials specified | Contributor biographical information |
| Uniform Resource Identifier | <a href="http://www.loc.gov/catdir/bios/guilford051/2003001727.html">http://www.loc.gov/catdir/bios/guilford051/2003001727.html</a> |
| 856 42 - ELECTRONIC LOCATION AND ACCESS | |
| Materials specified | Publisher description |
| Uniform Resource Identifier | <a href="http://www.loc.gov/catdir/description/guilford051/2003001727.html">http://www.loc.gov/catdir/description/guilford051/2003001727.html</a> |
| 856 42 - ELECTRONIC LOCATION AND ACCESS | |
| Materials specified | Table of contents |
| Uniform Resource Identifier | <a href="http://www.loc.gov/catdir/toc/guilford041/2003001727.html">http://www.loc.gov/catdir/toc/guilford041/2003001727.html</a> |
| 856 42 - ELECTRONIC LOCATION AND ACCESS | |
| Materials specified | Sample text |
| Uniform Resource Identifier | <a href="http://www.loc.gov/catdir/enhancements/fy0650/2003001727-s.html">http://www.loc.gov/catdir/enhancements/fy0650/2003001727-s.html</a> |
| 942 ## - ADDED ENTRY ELEMENTS (KOHA) | |
| Item type | Book - Borrowing |
| Call number prefix | 304.82CAS |
| Source of classification or shelving scheme | Dewey Decimal Classification |
| Withdrawn status | Item status | Source of classification or shelving scheme | Damaged status | Not for loan | Vendor | Home library | Current library | Shelving location | Date acquired | Source of acquisition | Total Checkouts | Full call number | Barcode | Date last seen | Date last borrowed | Koha item type | Total Renewals | Public note |
|---|---|---|---|---|---|---|---|---|---|---|---|---|---|---|---|---|---|---|
| Dewey Decimal Classification | Central Library | Central Library | First floor | 25/07/2010 | 7 | 304.82 CAS | 000005909 | 15/07/2025 | 29/09/2013 | NB - Book (Non borrowing) | ||||||||
| Dewey Decimal Classification | Baccah | Central Library | Central Library | First floor | 24/09/2007 | Purchase | 21 | 304.82 CAS | 000056830 | 15/07/2025 | 18/09/2024 | Book - Borrowing | 43 | |||||
| Dewey Decimal Classification | Baccah | Central Library | Central Library | First floor | 25/09/2008 | Purchase | 3 | 304.82 CAS | 000056979 | 15/07/2025 | 18/09/2012 | Book - Borrowing | 1 | Replaced with 000005776 |